1994 NFL Standings - Statistics

General Stats
  • This quiz has been taken 21 times
  • The average score is 20 of 28
Answer Stats
Rank (seed) Record NFL Team % Correct
AFC East Champ (3) 10-6 Miami Dolphins
100%
AFC Wild Card (5) 10-6 New England Patriots
100%
AFC Central Champ (1) 12-4 Pittsburgh Steelers
100%
AFC Wild Card (4) 11-5 Cleveland Browns
83%
NFC East Champ (2) 12-4 Dallas Cowboys
83%
AFC (8) Missed Playoffs 8-8 Indianapolis Colts
83%
AFC Wild Card (6) 9-7 Kansas City Chiefs
83%
AFC (7) Missed Playoffs 9-7 Los Angeles Raiders
83%
AFC West Champ (2) 11-5 San Diego Chargers
83%
NFC West Champ (1) 13-3 San Francisco 49ers
83%
NFC (8) Missed Playoffs 8-8 Arizona Cardinals
67%
AFC (9) Missed Playoffs 7-9 Buffalo Bills
67%
AFC (13) Missed Playoffs 3-13 Cincinnati Bengals
67%
NFC Wild Card (5) 9-7 Detroit Lions
67%
NFC Wild Card (4) 9-7 Green Bay Packers
67%
NFC (13) Missed Playoffs 4-12 Los Angeles Rams
67%
NFC Central Champ (3) 10-6 Minnesota Vikings
67%
NFC (7) Missed Playoffs 9-7 New York Giants
67%
AFC (11) Missed Playoffs 6-10 New York Jets
67%
NFC (11) Missed Playoffs 7-9 Philadelphia Eagles
67%
NFC (14) Missed Playoffs 3-13 Washington Redskins
67%
NFC (10) Missed Playoffs 7-9 Atlanta Falcons
50%
NFC Wild Card (6) 9-7 Chicago Bears
50%
AFC (10) Missed Playoffs 7-9 Denver Broncos
50%
AFC (14) Missed Playoffs 2-14 Houston Oilers
50%
NFC (9) Missed Playoffs 7-9 New Orleans Saints
50%
AFC (12) Missed Playoffs 6-10 Seattle Seahawks
50%
NFC (12) Missed Playoffs 6-10 Tampa Bay Buccaneers
50%
No matching quizzes found
Score Distribution
Percent of People with Each Score
Percentile by Number Answered
Your Score History
You have not taken this quiz